| 000 | 00441nam a22001697a 4500 | ||
|---|---|---|---|
| 005 | 20230117111226.0 | ||
| 008 | 220215b ||||| |||| 00| 0 eng d | ||
| 020 | _a8176485888 | ||
| 041 | _aeng | ||
| 082 |
_a610 _bIZH-G |
||
| 100 |
_aIZHAR ,NILOFAR _97141 |
||
| 245 | _aGEOGRAPHY AND HEALTH: A STUDY IN MEDICAL GEOGROPHY | ||
| 260 |
_aNEW DELHI _bA.P.H PUBLICATION |
||
| 300 | _a379;P. | ||
| 650 |
_aPHARMACY _xB.PHARMA _97083 |
||
| 942 | _cBK | ||
| 999 |
_c7956 _d7954 |
||